000 01747nam a22002057a 4500
003 OSt
005 20260415100020.0
008 260415b |||||||| |||| 00| 0 eng d
020 _a9781471534980
082 _29781471534980
_a9781471534980
_b9781471534980
100 _a Virginia Evans
245 _aOn Screen 3 - Student's Book
250 _a3
260 _aE.E U,U
_b ‎ Express Publishing
_c2015
300 _a185 PAG
_c 27,6 x 21,6 cm.
490 _3acabado plastificado mate o semibrillante.
520 _aOn Screen es una serie de nueve cursos para estudiantes de inglés desde el nivel de principiante hasta el nivel de competencia. La serie combina el aprendizaje activo del inglés con una variedad de temas animados presentados en módulos temáticos. Características clave Un enfoque integrado para el desarrollo de las cuatro habilidades lingüísticas Nociones y funciones Presentación y práctica del vocabulario Variedad de tareas de lectura, comprensión auditiva y expresión oral Presentación de la gramática en contexto Actividades que fomentan el pensamiento crítico así como la investigación web Secciones de escritura que contienen modelos y desarrollo de habilidades de escritura y banco de escritura Actividades realistas de trabajo en grupo y trabajo en pareja Secciones de pronunciación e entonación Habilidades de estudio para ayudar a los estudiantes a convertirse en aprendices autónomos Secciones prácticas de inglés que preparan a los estudiantes para usar el idioma en situaciones de la vida real Secciones culturales y CLIL para cada módulo Revisión de idiomas Sección de referencia de gramática Pizarra blanca interactiva (IWB) Software
700 _a Virginia Evans
942 _2ddc
_cBKA
_n0
999 _c2071
_d2071